Psychológia medzi štartom a cieľom

Salvato in:
Dettagli Bibliografici
Natura: Libro
Lingua:slovacco
Pubblicazione: Bratislava Šport 1987
Edizione:1. vyd.
Serie:Tréner
Tags: Aggiungi Tag
Nessun Tag, puoi essere il primo ad aggiungerne!!

MARC

LEADER 00000nam a2200000 4500
001 c024159
005 20260116070313.2
041 0 |a slo 
044 |a SK 
245 1 0 |a Psychológia medzi štartom a cieľom  |c Frank Schubert ; [Z nem. prel.] Vojtech David 
250 |a 1. vyd. 
264 1 |a Bratislava  |b Šport  |c 1987 
300 |a 276 s. 
490 1 |a Tréner 
830 0 |a Tréner